000 00420nam a2200157 i 4500
001 86060
003 ES-MaACL
005 20230906175351.0
007 t|
008 041207s1921 ddr ||||1| ger d
100 1 _aKaiser, Georg.
_967434
245 1 0 _aClaudus Friedrich und Anna Juana /
_cGeorg Kaiser.
260 _aPostdam :
_bGustav Kiepenheuer,
_c1921.
300 _a108 p. ;
_c20 cm.
852 _aES-MaACL
_jF-13721
999 _c86060
_d86060